| 000 | 01942nam a2200397 a 4500 | ||
|---|---|---|---|
| 001 | ebr10586779 | ||
| 003 | CaPaEBR | ||
| 006 | m u | ||
| 007 | cr cn||||||||| | ||
| 008 | 080122s2008 nyu sb 001 0 eng d | ||
| 010 | _z 2008003064 | ||
| 020 | _z9780823228980 (cloth alk. paper) | ||
| 020 | _z0823228983 (cloth alk. paper) | ||
| 020 | _z9780823228997 (pbk. alk. paper) | ||
| 020 | _z0823228991 (pbk. alk. paper) | ||
| 040 |
_aCaPaEBR _cCaPaEBR |
||
| 035 | _a(OCoLC)609109017 | ||
| 050 | 1 | 4 |
_aBJ37 _b.T45 2008eb |
| 082 | 0 | 4 |
_a170.92 _222 |
| 100 | 1 | _aThiem, Annika. | |
| 245 | 1 | 0 |
_aUnbecoming subjects _h[electronic resource] : _bJudith Butler, moral philosophy, and critical responsibility / _cAnnika Thiem. |
| 250 | _a1st ed. | ||
| 260 |
_aNew York : _bFordham University Press, _c2008. |
||
| 300 | _ax, 310 p. | ||
| 504 | _aIncludes bibliographical references and index. | ||
| 505 | 0 | _aIntroduction -- Part one : Challenges to the subject -- Subjects in subjection : bodies, desires, and the psychic life of norms -- Moral subjects and agents of morality -- Part two : Responsibility -- Responsibility as response : Levinas and responsibility for others -- Ambivalent desires of responsibility : Laplanche and psychoanalytic translations -- Part three : Critique -- The aporia of critique and the future of moral philosophy -- Critique and political ethics : justice as a question. | |
| 533 |
_aElectronic reproduction. _bPalo Alto, Calif. : _cebrary, _d2011. _nAvailable via World Wide Web. _nAccess may be limited to ebrary affiliated libraries. |
||
| 600 | 1 | 0 |
_aButler, Judith, _d1956- |
| 650 | 0 | _aEthics. | |
| 650 | 0 | _aResponsibility. | |
| 650 | 0 | _aCriticism. | |
| 650 | 0 | _aPoststructuralism. | |
| 655 | 7 |
_aElectronic books. _2local |
|
| 710 | 2 | _aebrary, Inc. | |
| 856 | 4 | 0 |
_uhttp://site.ebrary.com/lib/rucke/Doc?id=10586779 _zAn electronic book accessible through the World Wide Web; click to view |
| 999 |
_c211676 _d211676 |
||